[Event "Ankara Baskent Univ op-B 5th"]
[Site "Ankara"]
[Date "2022.07.02"]
[Round "1"]
[White "Bayrambeyli, Emel"]
[Black "Turkmen, Ataberk"]
[Result "0-1"]
[WhiteElo "1255"]
[BlackElo "1935"]
[PlyCount "48"]
[EventDate "2022.07.02"]
[EventType "swiss"]
[EventRounds "9"]
[EventCountry "TUR"]
[SourceTitle "EXT 2023"]
[Source "ChessBase"]
[SourceDate "2022.10.05"]
[SourceVersion "1"]
[SourceVersionDate "2022.10.05"]
[SourceQuality "1"]

1. e4 d6 2. d4 Nf6 3. Bd3 g6 4. Nf3 Bg7 5. Nbd2 0-0 6. 0-0 Nh5 7. g3 Bg4 8. c3 Nd7 9. Kg2 Qc8 10. Bc2 Nb6 11. Re1 e5 12. dxe5 dxe5 13. a4 a5 14. b3 Rd8 15. Qe2 Rd6 16. Ba3 Rc6 17. c4 Bh6 18. Nf1 Rf6 19. Qd3 Bxf3+ 20. Kg1 Qh3 21. Ne3 Bxe3 22. Qf1 Bg2 23. Qxg2 Bxf2+ 24. Kh1 Nxg3+ 0-1